Подробности
| 000 -МАРКЕР |
| контрольное поле |
02652nam0a2200409 4500 |
| 001 - ИДЕНТИФИКАТОР ЗАПИСИ |
| контрольное поле |
RU\NLR\bibl\1043432 |
| 005 - ИДЕНТИФИКАТОР ВЕРСИИ |
| контрольное поле |
20260406083324.0 |
| 010 ## - МЕЖДУНАРОДНЫЙ СТАНДАРТНЫЙ НОМЕР КНИГИ (ISBN) |
| Номер (ISBN) |
5-94812-032-5 |
| Уточнения |
В пер. |
| Тираж |
500 |
| 021 ## - НОМЕР ГОСУДАРСТВЕННОЙ РЕГИСТРАЦИИ |
| Код страны |
российская федерация |
| Номер |
2006-83956 |
| Номер Листа государственной регистраци |
4249 |
| 035 ## - ДРУГИЕ СИСТЕМНЫЕ НОМЕРА |
| Идентификатор записи |
(nilc)RSL-KNO-003013973 |
| 035 ## - ДРУГИЕ СИСТЕМНЫЕ НОМЕРА |
| Идентификатор записи |
(NLR Aleph) 001030817 |
| 100 ## - ДАННЫЕ ОБЩЕЙ ОБРАБОТКИ |
| Данные общей обработки |
20061219d2006 |||y0rusy50 ca |
| 101 0# - ЯЗЫК РЕСУРСА |
| Язык текста, звукозаписи и т.д. |
русский |
| 102 ## - СТРАНА ПУБЛИКАЦИИ ИЛИ ПРОИЗВОДСТВА |
| Страна публикации |
российская федерация |
| 105 ## - ПОЛЕ КОДИРОВАННЫХ ДАННЫХ: ТЕКСТОВЫЕ МАТЕРИАЛЫ, МОНОГРАФИЧЕСКИЕ |
| Кодированные данные о монографическом текстовом документе |
a ||||||||| |
| 200 1# - ЗАГЛАВИЕ И СВЕДЕНИЯ ОБ ОТВЕТСТВЕННОСТИ |
| Основное заглавие |
Системы управления и обработки информации |
| Сведения, относящиеся к заглавию |
вводный курс |
| -- |
учебное пособие для студентов вузов, обучающихся по специальности 220201 "Управление и информатика в технических системах" |
| Первые сведения об ответственности |
В. Л. Бурковский, Е.М. Васильев, А.В. Юршин, Ю.С. Жоглик |
| Последующие сведения об ответственности |
М-во образования и науки Российской Федерации, Воронежский гос. технический ун-т, Невинномысский ин-т экономики, упр. и права |
| 210 ## - ПУБЛИКАЦИЯ, РАСПРОСТРАНЕНИЕ И ДР. |
| Место издания, распространения и т.д. |
Воронеж |
| -- |
Невинномысск |
| Имя издателя, распространителя и т. д. |
НИЭУП |
| Дата издания, распространения и т.д. |
2006 |
| Место изготовления |
Невинномысск |
| Имя изготовителя |
НИЭУП |
| 215 ## - ФИЗИЧЕСКАЯ ХАРАКТЕРИСТИКА |
| Специфическое обозначение материала и объем |
113 с. |
| Другие сведения о физической характеристике |
ил., табл. |
| Размеры |
21 |
| 320 ## - ПРИМЕЧАНИЯ О НАЛИЧИИ В ДОКУМЕНТЕ БИБЛИОГРАФИИ / УКАЗАТЕЛЯ |
| Текст примечания |
Библиогр.: с. 112 |
| 606 1# - НАИМЕНОВАНИЕ ТЕМЫ КАК ПРЕДМЕТ |
| Наименование темы |
Автоматизированные информационно-управляющие системы |
| Формальный подзаголовок |
Учебные издания для высших учебных заведений |
| Системный номер авторитетной/нормативной записи |
2104513 |
| Идентификатор авторитетной/нормативной записи |
RU\NLR\auth\661272416 |
| 610 0# - НЕКОНТРОЛИРУЕМЫЕ ПРЕДМЕТНЫЕ ТЕРМИНЫ |
| Предметный термин |
Оргтехника -- Автоматизированные системы управления. Информационно-управляющие системы -- Учебник для высшей школы |
| 686 ## - ИНДЕКСЫ ДРУГИХ КЛАССИФИКАЦИЙ |
| Индекс |
З986я73-1 |
| Код системы |
|
| 686 ## - ИНДЕКСЫ ДРУГИХ КЛАССИФИКАЦИЙ |
| Индекс |
З986-015я73-1 |
| 701 #1 - ИМЯ ЛИЦА - АЛЬТЕРНАТИВНАЯ ОТВЕТСТВЕННОСТЬ |
| Код отношения |
Автор |
| Материалы, к которым относится поле |
rus |
| Графика поля |
Кириллица |
| Начальный элемент ввода |
Бурковский |
| Часть имени, кроме начального элемента ввода |
В. Л. |
| Даты |
1950- |
| Расширение инициалов личного имени |
Виктор Леонидович |
| Идентификатор авторитетной/нормативной записи |
RU\NLR\auth\7749707 |
| Системный номер авторитетной/нормативной записи |
32642 |
| 701 #1 - ИМЯ ЛИЦА - АЛЬТЕРНАТИВНАЯ ОТВЕТСТВЕННОСТЬ |
| Код отношения |
Автор |
| Графика поля |
Кириллица |
| Материалы, к которым относится поле |
rus |
| Начальный элемент ввода |
Васильев |
| Часть имени, кроме начального элемента ввода |
Е. М. |
| Дополнения к именам, кроме дат |
канд. техн. наук, матем. моделирование сложных систем |
| Даты |
1949- |
| Расширение инициалов личного имени |
Евгений Михайлович |
| Идентификатор авторитетной/нормативной записи |
RU\NLR\AUTH\7749708 |
| Системный номер авторитетной/нормативной записи |
32643 |
| 701 #1 - ИМЯ ЛИЦА - АЛЬТЕРНАТИВНАЯ ОТВЕТСТВЕННОСТЬ |
| Код отношения |
Автор |
| Материалы, к которым относится поле |
rus |
| Графика поля |
Кириллица |
| Начальный элемент ввода |
Юршин |
| Часть имени, кроме начального элемента ввода |
А. В. |
| Даты |
1958- |
| Расширение инициалов личного имени |
Александр Вячеславович |
| Идентификатор авторитетной/нормативной записи |
RU\NLR\auth\7749710 |
| Системный номер авторитетной/нормативной записи |
32645 |
| 701 #1 - ИМЯ ЛИЦА - АЛЬТЕРНАТИВНАЯ ОТВЕТСТВЕННОСТЬ |
| Код отношения |
Автор |
| Материалы, к которым относится поле |
rus |
| Графика поля |
Кириллица |
| Начальный элемент ввода |
Жоглик |
| Часть имени, кроме начального элемента ввода |
Ю. С. |
| Расширение инициалов личного имени |
Юрий Сергеевич |
| Идентификатор авторитетной/нормативной записи |
RU\NLR\auth\7749712 |
| Системный номер авторитетной/нормативной записи |
32647 |
| 801 #0 - ИСТОЧНИК ЗАПИСИ |
| Страна |
российская федерация |
| Организация |
РКП |
| Дата составления |
20061219 |
| Правила каталогизации |
rcr |
| 801 #1 - ИСТОЧНИК ЗАПИСИ |
| Страна |
российская федерация |
| Организация |
РГБ |
| Дата составления |
20061219 |
| 801 #2 - ИСТОЧНИК ЗАПИСИ |
| Страна |
российская федерация |
| Организация |
NLR |
| Дата составления |
20070209 |
| Правила каталогизации |
rcr |
| 830 ## - ОБЩЕЕ ПРИМЕЧАНИЕ, СОСТАВЛЕННОЕ КАТАЛОГИЗАТОРОМ |
| Текст примечания |
по кн |
| 942 ## - ДОПОЛНИТЕЛЬНЫЕ ЭЛЕМЕНТЫ ЗАПИСИ (АБИС) |
| Тип экземпляра АБИС |
Книга |
| 980 ## - КОЛЛЕКЦИЯ |
| Название коллекции |
Национальная библиография |
| 980 ## - КОЛЛЕКЦИЯ |
| Название коллекции |
НБР |